书目信息 |
| 题名: |
中国广电产业空间发展研究
|
|
| 作者: | 董春 著 | |
| 分册: | ||
| 出版信息: | 上海 复旦大学出版社 2012.04 |
|
| 页数: | 372页 | |
| 开本: | ||
| 丛书名: | ||
| 单 册: | ||
| 中图分类: | G229.2 | |
| 科图分类: | ||
| 主题词: | 广播事业--发展--研究--中国 , 电视事业--发展--研究--中国 , 广播事业 , 电视事业 | |
| 电子资源: | ||
| ISBN: | 978-7-309-08620-1 | |
| 000 | 01050nam0 2200277 450 | |
| 001 | 010050037613 | |
| 005 | 20130609083545.81 | |
| 010 | @a978-7-309-08620-1@dCNY25.00 | |
| 035 | @a005824634 | |
| 100 | @a20120619d2012 em y0chiy0110 ea | |
| 101 | 0 | @achi |
| 102 | @aCN@b310000 | |
| 105 | @ay z 000yy | |
| 106 | @ar | |
| 200 | 1 | @a中国广电产业空间发展研究@9zhong guo guang dian chan ye kong jian fa zhan yan jiu@f董春著 |
| 210 | @a上海@c复旦大学出版社@d2012.04 | |
| 215 | @a372页@c21cm | |
| 330 | @a本书采用理论与实证相结合、定性分析和定量分析并用的研究方法,对中国特殊的具有双重政治和经济属性的广播电视的产业发展、产业空间布局的规律性与差异性、产业劳动生产率的空间集聚性等进行了多尺度、深层次的分析和研究,并最终提出了应对传媒全球化竞争的对策和中国广电产业的未来发展战略。 | |
| 606 | 0 | @a广播事业@x发展@x研究@y中国 |
| 606 | 0 | @a电视事业@x发展@x研究@y中国 |
| 606 | 0 | @a广播事业 |
| 606 | 0 | @a电视事业 |
| 690 | @aG229.2@v5 | |
| 701 | 0 | @c(彝)@a董春@9dong chun@c(女,@f1971~)@4著 |
| 801 | 0 | @aCN@bNLC@c20120928 |
| 905 | @dG229.2@e155 | |
| 中国广电产业空间发展研究/董春著.-上海:复旦大学出版社,2012.04 |
| 372页:21cm |
| ISBN 978-7-309-08620-1:CNY25.00 |
| 本书采用理论与实证相结合、定性分析和定量分析并用的研究方法,对中国特殊的具有双重政治和经济属性的广播电视的产业发展、产业空间布局的规律性与差异性、产业劳动生产率的空间集聚性等进行了多尺度、深层次的分析和研究,并最终提出了应对传媒全球化竞争的对策和中国广电产业的未来发展战略。 |
| ● |
| 相关链接 |
|
|
|
|
正题名:中国广电产业空间发展研究
索取号:G229.2/155
 
预约/预借
| 序号 | 登录号 | 条形码 | 馆藏地/架位号 | 状态 | 备注 |
| 1 | 0545911 | 205459118 | 第一样本阅览室/ [索取号:G229.2/155] | 在馆 | |
| 2 | 0545912 | 205459127 | 第四借阅区/ [索取号:G229.2/155] | 在馆 | |
| 3 | 0545913 | 205459136 | 第四借阅区/ [索取号:G229.2/155] | 在馆 | |
| 4 | 0545914 | 205459145 | 第四借阅区/ [索取号:G229.2/155] | 在馆 | |
| 5 | 0545915 | 205459154 | 第四借阅区/ [索取号:G229.2/155] | 在馆 |